00484nam a2200169Ia 4500008004100000040001900041041001200060082002800072100002000100245004600120260003400166300002800200504003000228650001200258651002200270850002200292131103s9999 xx 000 0 und d aLoreto College aEnglish a942.083/PETbLCLIB/2676 aPetrie, Charles 4aThe chamberlain traditioncCharles Petrie aLondonbRight Book Clubc1938 axi,285p.b ill.c 21cm. aIncludes appendix & index aHistory aEngland - History aLCLIB/942.083/PET